Pays en "-ie" - Statistiques

Statistiques générales
  • Ce quiz a été pris 339 fois
    309 depuis la dernière actualisation
  • Le résultat moyen est 27 sur 38
Statistiques - réponses
Réponse % Correct
Russie
88%
Algérie
86%
Lettonie
85%
Tunisie
85%
Albanie
84%
Lituanie
84%
Estonie
82%
Arménie
81%
Australie
81%
Italie
80%
Slovaquie
80%
Slovénie
80%
Croatie
79%
Colombie
78%
Roumanie
78%
Hongrie
77%
Turquie
77%
Bulgarie
76%
Bolivie
75%
Serbie
74%
Indonésie
73%
Biélorussie
72%
Zambie
72%
Syrie
71%
Ethiopie
70%
Tanzanie
68%
Mauritanie
67%
Moldavie
67%
Namibie
66%
Birmanie
65%
Somalie
64%
Géorgie
63%
Malaisie
63%
Gambie
62%
Jordanie
59%
Mongolie
59%
Micronésie
44%
Sainte Lucie
31%
Aucun quiz correspondant
Distribution des résultats
% des personnes avec chaque résultat
Percentile par nombre de réponses
Votre historique - résultats
Vous n’avez pas pris ce quiz depuis la dernière actualisation